El mimígena : (Registro nro. 14847)

Detalles MARC
000 -LEADER
fixed length control field 01313nam a2200361 i 4500
001 - CONTROL NUMBER
control field 000046793
003 - CONTROL NUMBER IDENTIFIER
control field OSt
005 - DATE AND TIME OF LATEST TRANSACTION
control field 20241105110624.0
007 - PHYSICAL DESCRIPTION FIXED FIELD--GENERAL INFORMATION
fixed length control field ta
008 - FIXED-LENGTH DATA ELEMENTS--GENERAL INFORMATION
fixed length control field 180326e2016 dr ac jr 001 0dspa d
020 ## - INTERNATIONAL STANDARD BOOK NUMBER
International Standard Book Number 9789945484205
040 ## - CATALOGING SOURCE
Original cataloging agency DO-SdBPM
Language of cataloging spa
Transcribing agency BPMSU
Description conventions rda
041 ## - LANGUAGE CODE
Language code of original spa
082 #4 - DEWEY DECIMAL CLASSIFICATION NUMBER
Classification number RD863.5
Item number M578m 2016
Edition number 22
100 1# - MAIN ENTRY--PERSONAL NAME
Personal name Mesa, Darihanna,
Dates associated with a name 2001-
Relator term autor
245 13 - TITLE STATEMENT
Title El mimígena :
Remainder of title (microrelato) /
Statement of responsibility, etc. diagramación y diseño, Fernando Silvestre Martínez
264 ## - PRODUCTION, PUBLICATION, DISTRIBUTION, MANUFACTURE, AND COPYRIGHT NOTICE
Place of production, publication, distribution, manufacture San Cristóbal, República Dominicana :
Name of producer, publisher, distributor, manufacturer FLAM,
Date of production, publication, distribution, manufacture, or copyright notice 2016
300 ## - PHYSICAL DESCRIPTION
Extent 59 páginas ;
Dimensions 23 cm.
336 ## - CONTENT TYPE
Source rdacontent
Content type term texto
Content type code txt
337 ## - MEDIA TYPE
Source rdamedia
Media type term sin mediación
Media type code n
338 ## - CARRIER TYPE
Source rdacarrier
Carrier type term volumen
Carrier type code nc
490 0# - SERIES STATEMENT
Series statement Nueva literatura Juvenil Dominicana ;
-- Col. Marca Provincia ;
500 ## - GENERAL NOTE
General note Incluye datos biográficos de la autora en las solapas
500 ## - GENERAL NOTE
General note 20 aniversario 1997-2017
500 ## - GENERAL NOTE
General note 8vo. aniversario de talleres literarios "Mi barrio en Letras"
590 ## - LOCAL NOTE (RLIN)
Local note Inventariado, 2018/ YL
650 #4 - SUBJECT ADDED ENTRY--TOPICAL TERM
Topical term or geographic name as entry element Cuentos dominicanos
650 #4 - SUBJECT ADDED ENTRY--TOPICAL TERM
Topical term or geographic name as entry element Literatura dominicana
700 1# - ADDED ENTRY--PERSONAL NAME
Personal name Silvestre Martínez, Fernando,
Relator term diagramación y diseño
710 2# - ADDED ENTRY--CORPORATE NAME
Corporate name or jurisdiction name as entry element Fundación Literaria Aníbal Montaño (República Dominicana)
910 ## - USER-OPTION DATA (OCLC)
User-option data VMateo V. Control de calidad BPMSU
942 ## - ADDED ENTRY ELEMENTS (KOHA)
Source of classification or shelving scheme Dewey Decimal Classification
Koha item type Libros
Existencias
Withdrawn status Lost status Source of classification or shelving scheme Damaged status Not for loan Collection code Home library Current library Date acquired Total Checkouts Full call number Barcode Date last seen Price effective from Koha item type Copy number
    Dewey Decimal Classification     Colección Dominicana Biblioteca Pública Metropolitana Salomé Ureña Biblioteca Pública Metropolitana Salomé Ureña 11/05/2024   BPMSU CD RD863.5 M578m 2016 BPMSU24110007 11/05/2024 11/05/2024 Libros  
    Dewey Decimal Classification     Colección Dominicana Biblioteca Pública Metropolitana Salomé Ureña Biblioteca Pública Metropolitana Salomé Ureña 11/05/2024   BPMSU CD RD863.5 M578m 2016 BPMSU24110008 11/05/2024 11/05/2024 Libros e.2
    Dewey Decimal Classification     Colección Dominicana Biblioteca Pública Metropolitana Salomé Ureña Biblioteca Pública Metropolitana Salomé Ureña 11/05/2024   BPMSU CD RD863.5 M578m 2016 BPMSU24110009 11/05/2024 11/05/2024 Libros e.3